[Event "TUR Cup"]
[Site "Denizli"]
[Date "2023.07.21"]
[Round "8"]
[White "Celik, Eylul"]
[Black "Tirpan, Ceren"]
[Result "0-1"]
[WhiteElo "1859"]
[BlackElo "1765"]
[PlyCount "89"]
[EventDate "2023.07.16"]
[EventType "team-tourn"]
[EventRounds "9"]
[EventCountry "TUR"]
[SourceTitle "CBM 215 Extra"]
[Source "ChessBase"]
[SourceDate "2023.09.30"]
[SourceVersion "1"]
[SourceVersionDate "2023.09.30"]
[SourceQuality "1"]

1. d4 Nf6 2. Bg5 e6 3. c4 c5 4. d5 exd5 5. cxd5 h6 6. Bxf6 Qxf6 7. Nc3 g6 8. Nf3 Bg7 9. e3 d6 10. Qa4+ Nd7 11. Qe4+ Qe7 12. Qxe7+ Kxe7 13. Bd3 b5 14. Nxb5 a6 15. Nc3 Rb8 16. 0-0-0 Nb6 17. Bc2 Nc4 18. Bb3 Na5 19. Nd2 Rb4 20. Bc2 Bd7 21. Ndb1 Rhb8 22. b3 c4 23. bxc4 Rxc4 24. Rd3 Rbc8 25. Kd2 Rg4 26. g3 Nc4+ 27. Kc1 Ne5 28. Rd4 Rxd4 29. exd4 Nf3 30. Rd1 Nxd4 31. Re1+ Kf8 32. Re3 Nxc2 33. Kxc2 Bf5+ 34. Kd2 Rb8 35. Kc1 Bd4 36. Re2 Rc8 37. Kd2 Bb6 38. f3 Ba5 39. Re4 Bxe4 40. fxe4 Ke7 41. Kd3 Kf6 42. Ne2 Bb4 43. a3 Bc5 44. h3 Rb8 45. Nec3 0-1

[Event "TUR Cup"]
[Site "Denizli"]
[Date "2023.07.18"]
[Round "4"]
[White "Ozbay, Ece"]
[Black "Celik, Eylul"]
[Result "1-0"]
[WhiteElo "1981"]
[BlackElo "1859"]
[PlyCount "57"]
[EventDate "2023.07.16"]
[EventType "team-tourn"]
[EventRounds "9"]
[EventCountry "TUR"]
[SourceTitle "CBM 215 Extra"]
[Source "ChessBase"]
[SourceDate "2023.09.30"]
[SourceVersion "1"]
[SourceVersionDate "2023.09.30"]
[SourceQuality "1"]

1. e4 e6 2. d4 d5 3. Nd2 c5 4. Ngf3 Nf6 5. e5 Nfd7 6. c3 Nc6 7. Be2 Qb6 8. Nb3 a5 9. a4 cxd4 10. cxd4 Bb4+ 11. Kf1 h6 12. g3 Nf8 13. Kg2 Bd7 14. Be3 Ng6 15. Qd3 Rc8 16. Rhc1 0-0 17. h4 Nge7 18. g4 Na7 19. Rg1 Qc7 20. Rgc1 Qb8 21. Bd1 Rxc1 22. Nxc1 Rc8 23. Ne2 Qc7 24. Rc1 Qd8 25. Bc2 g6 26. Bxh6 b5 27. Ng5 Be8 28. Nf4 bxa4 29. Nh5 1-0

[Event "TUR-ch (Women)"]
[Site "Corum"]
[Date "2021.06.18"]
[Round "6"]
[White "Celik, Eylul"]
[Black "Duran, Esma Doga"]
[Result "0-1"]
[WhiteElo "1846"]
[BlackElo "1938"]
[PlyCount "74"]
[EventDate "2021.06.13"]
[EventType "swiss"]
[EventRounds "7"]
[EventCountry "TUR"]
[SourceTitle "CBM 203 Extra"]
[Source "ChessBase"]
[SourceDate "2021.09.30"]
[SourceVersion "1"]
[SourceVersionDate "2021.09.30"]
[SourceQuality "1"]

1. d4 Nf6 2. c4 e6 3. Bg5 c5 4. d5 exd5 5. cxd5 d6 6. e4 g6 7. Nc3 Bg7 8. Nf3 0-0 9. Bd3 a6 10. a4 h6 11. Bf4 g5 12. Bc1 Qa5 13. 0-0 b5 14. Ra2 b4 15. Nb1 c4 16. Bxc4 Nxe4 17. Nbd2 Bf5 18. Nb3 Qc7 19. Bd3 Nd7 20. Nxg5 hxg5 21. Qf3 Ne5 22. Qxf5 Nxd3 23. Qxe4 Qc2 24. Na5 b3 25. Nxb3 Qxb3 26. Ra3 Nc5 27. Qf5 Qc4 28. Qxg5 Nd3 29. Rc3 Qe4 30. Rc6 Nxc1 31. Rfxc1 Rfe8 32. h4 Re5 33. Qg3 Qxd5 34. h5 Rae8 35. h6 Re1+ 36. Rxe1 Rxe1+ 37. Kh2 Qh5+ 0-1

[Event "TUR-ch (Women)"]
[Site "Corum"]
[Date "2021.06.13"]
[Round "1"]
[White "Celik, Eylul"]
[Black "Karatiken, Beray"]
[Result "1-0"]
[WhiteElo "1846"]
[BlackElo "1205"]
[PlyCount "81"]
[EventDate "2021.06.13"]
[EventType "swiss"]
[EventRounds "7"]
[EventCountry "TUR"]
[SourceTitle "CBM 203 Extra"]
[Source "ChessBase"]
[SourceDate "2021.09.30"]
[SourceVersion "1"]
[SourceVersionDate "2021.09.30"]
[SourceQuality "1"]

1. d4 d5 2. c4 e5 3. dxe5 d4 4. Nf3 Nc6 5. g3 Be6 6. Nbd2 Qd7 7. a3 Nge7 8. Bg2 Bh3 9. 0-0 Bxg2 10. Kxg2 Ng6 11. b4 0-0-0 12. Qa4 Kb8 13. Nb3 Ncxe5 14. Qxd7 Rxd7 15. Nxe5 Nxe5 16. Bb2 Nxc4 17. Bxd4 f6 18. Rfd1 Bd6 19. e4 Rhd8 20. Rdc1 Ne5 21. f4 Nc6 22. Bc3 a6 23. Re1 Re8 24. Kf3 Rde7 25. Nd2 Nd8 26. Nc4 b5 27. Na5 c5 28. Rad1 Kc7 29. Rd5 cxb4 30. axb4 Nc6 31. Nxc6 Kxc6 32. Red1 Bc7 33. R5d4 Bb6 34. Rd6+ Kc7 35. e5 fxe5 36. Bxe5 Kb7 37. Rd7+ Kc8 38. R7d5 Rd8 39. Rxd8+ Bxd8 40. Rd6 Kb7 41. Rxd8 1-0

[Event "TUR Cup"]
[Site "Antalya"]
[Date "2020.01.29"]
[Round "6"]
[White "Celik, Eylul"]
[Black "Durmus, Kenan"]
[Result "1-0"]
[WhiteElo "1865"]
[BlackElo "1611"]
[PlyCount "79"]
[EventDate "2020.01.26"]
[EventType "swiss"]
[EventRounds "11"]
[EventCountry "TUR"]
[SourceTitle "CBM 194 Extra"]
[Source "ChessBase"]
[SourceDate "2020.03.31"]
[SourceVersion "1"]
[SourceVersionDate "2020.03.31"]
[SourceQuality "1"]

1. d4 Nf6 2. c4 e5 3. dxe5 Ng4 4. Bf4 Nc6 5. Nf3 Bb4+ 6. Nbd2 Qe7 7. a3 Ngxe5 8. Nxe5 Nxe5 9. e3 Bxd2+ 10. Qxd2 d6 11. Be2 Bd7 12. b4 0-0 13. 0-0 Rad8 14. Rac1 a6 15. Qb2 Bf5 16. Rfd1 Rfe8 17. c5 Qf6 18. Qc3 d5 19. a4 c6 20. b5 axb5 21. axb5 Nd7 22. Qxf6 Nxf6 23. b6 Ra8 24. Ra1 Ne4 25. Ra7 Nxc5 26. g4 Bg6 27. Rc1 Na4 28. Rxb7 d4 29. Bf3 d3 30. Bxc6 d2 31. Rd1 Red8 32. Bxa4 Rxa4 33. Rxd2 Re8 34. Ra7 Rb4 35. Bc7 Rxg4+ 36. Kf1 Rc4 37. b7 Rxc7 38. Ra8 Rc1+ 39. Ke2 Bh5+ 40. f3 1-0

[Event "TUR-ch U13-U18 Girls"]
[Site "Antalya"]
[Date "2020.01.21"]
[Round "4"]
[White "Celik, Eylul"]
[Black "Kaygisiz, Ilayda"]
[Result "1/2-1/2"]
[WhiteElo "1865"]
[BlackElo "1824"]
[PlyCount "54"]
[EventDate "2020.01.19"]
[EventType "swiss"]
[EventRounds "11"]
[EventCountry "TUR"]
[SourceTitle "CBM 195 Extra"]
[Source "ChessBase"]
[SourceDate "2020.05.31"]
[SourceVersion "1"]
[SourceVersionDate "2020.05.31"]
[SourceQuality "1"]

1. d4 d5 2. Bf4 Nf6 3. e3 c5 4. c3 Nc6 5. Bd3 Qb6 6. Qc1 g6 7. Nd2 Bg7 8. h4 Nh5 9. Bh2 e5 10. dxe5 Nxe5 11. Be2 Ng4 12. Bxg4 Bxg4 13. Ngf3 0-0 14. 0-0 Rfe8 15. Qc2 Rac8 16. Qa4 Bxf3 17. Nxf3 Re4 18. Qb3 Qc6 19. Rad1 Rd8 20. Rd2 Bf6 21. Rfd1 c4 22. Qc2 Rg4 23. Nd4 Qe8 24. Nf3 Qe6 25. Nd4 Qe7 26. Nf3 Qe6 27. Nd4 Qe7 1/2-1/2

[Event "World ol U16"]
[Site "Corum"]
[Date "2019.10.29"]
[Round "1.12"]
[White "Chen, Justin"]
[Black "Celik, Eylul"]
[Result "1-0"]
[WhiteElo "2280"]
[BlackElo "1896"]
[PlyCount "61"]
[EventDate "2019.10.29"]
[EventType "team-swiss"]
[EventRounds "9"]
[EventCountry "TUR"]
[SourceTitle "CBM 192 Extra"]
[Source "Chessbase"]
[SourceDate "2019.11.06"]
[SourceVersion "1"]
[SourceVersionDate "2019.11.06"]
[SourceQuality "1"]
[WhiteTeam "United States"]
[BlackTeam "Turkey Girls"]
[WhiteTeamCountry "USA"]
[BlackTeamCountry "TUR"]

1. d4 d5 2. Nf3 c6 3. c4 e6 4. e3 Bd6 5. Bd3 f5 6. b3 Nf6 7. 0-0 Qe7 8. Bb2 0-0 9. Qc1 b6 10. Ba3 Nbd7 11. Bxd6 Qxd6 12. Nc3 Ne4 13. Ne2 c5 14. cxd5 exd5 15. Qb2 Bb7 16. Rac1 Rac8 17. Rfd1 Qh6 18. Ng3 f4 19. exf4 Qxf4 20. Bf1 Ndf6 21. dxc5 bxc5 22. b4 Ng4 23. Nxe4 dxe4 24. Rd7 Rf6 25. Rxb7 exf3 26. g3 Qe4 27. bxc5 Qf5 28. Re1 Kh8 29. Rb8 Rxb8 30. Qxb8+ Rf8 31. Re8 1-0

[Event "World School-ch U17 Girls"]
[Site "Antalya"]
[Date "2019.04.21"]
[Round "4"]
[White "Celik, Eylul"]
[Black "Sen, Nehir"]
[Result "1-0"]
[WhiteElo "1870"]
[BlackElo "1292"]
[PlyCount "79"]
[EventDate "2019.04.18"]
[EventType "swiss"]
[EventRounds "9"]
[EventCountry "TUR"]
[SourceTitle "CBM 190 Extra"]
[Source "ChessBase"]
[SourceDate "2019.07.15"]
[SourceVersion "1"]
[SourceVersionDate "2019.07.15"]
[SourceQuality "1"]

1. d4 Nf6 2. c4 g6 3. Nc3 Bg7 4. e4 d6 5. f3 0-0 6. Be3 Nc6 7. Qd2 a6 8. Nge2 Na5 9. Nc1 Nd7 10. Be2 c5 11. d5 Ne5 12. b3 Rb8 13. Bh6 f5 14. Bxg7 Kxg7 15. f4 Nf7 16. 0-0 fxe4 17. Nxe4 b5 18. Nd3 bxc4 19. bxc4 Kg8 20. Ndf2 Bd7 21. Rab1 Qc7 22. g4 Rb7 23. Rxb7 Nxb7 24. Rb1 Rb8 25. Qb2 Nh6 26. Ng5 Nf7 27. Ne6 Bxe6 28. dxe6 Nfd8 29. Bf3 a5 30. Qb5 Kg7 31. Bd5 h6 32. g5 h5 33. Nd3 Qc8 34. f5 gxf5 35. Nf4 h4 36. Qe8 Qc7 37. Nh5+ Kh7 38. Qf8 Nxe6 39. Qh6+ Kg8 40. Bxe6# 1-0

[Event "World School-ch U17 Girls"]
[Site "Antalya"]
[Date "2019.04.20"]
[Round "3"]
[White "Ulziikhishigjargal, Ochirkhuyag"]
[Black "Celik, Eylul"]
[Result "1-0"]
[WhiteElo "1843"]
[BlackElo "1870"]
[PlyCount "62"]
[EventDate "2019.04.18"]
[EventType "swiss"]
[EventRounds "9"]
[EventCountry "TUR"]
[SourceTitle "CBM 190 Extra"]
[Source "ChessBase"]
[SourceDate "2019.07.15"]
[SourceVersion "1"]
[SourceVersionDate "2019.07.15"]
[SourceQuality "1"]

1. e4 e6 2. d4 d5 3. Nd2 c5 4. exd5 Qxd5 5. Ngf3 cxd4 6. Bc4 Qd6 7. 0-0 Nf6 8. Nb3 Nc6 9. Nbxd4 Nxd4 10. Nxd4 Be7 11. Re1 a6 12. c3 0-0 13. Qf3 Qc5 14. Bd3 Bd6 15. h3 e5 16. Nb3 Qc7 17. Bg5 Be7 18. Nd2 Be6 19. Ne4 Nd5 20. Qh5 g6 21. Qh4 f6 22. Bh6 f5 23. Ng5 Bxg5 24. Qxg5 Rfe8 25. Rad1 Rad8 26. Qh4 e4 27. Bc2 Qf7 28. Bg5 Rd7 29. c4 Nb4 30. Ba4 Rxd1 31. Rxd1 Rc8 1-0

[Event "TUR-ch (Women)"]
[Site "Antalya"]
[Date "2019.03.09"]
[Round "9"]
[White "Kara, Gulce Nehir"]
[Black "Celik, Eylul"]
[Result "1-0"]
[WhiteElo "1656"]
[BlackElo "1963"]
[PlyCount "114"]
[EventDate "2019.03.03"]
[EventType "swiss"]
[EventRounds "9"]
[EventCountry "TUR"]
[SourceTitle "CBM 189 Extra"]
[Source "ChessBase"]
[SourceDate "2019.06.03"]
[SourceVersion "1"]
[SourceVersionDate "2019.06.03"]
[SourceQuality "1"]

1. e4 e6 2. d4 d5 3. exd5 exd5 4. Nf3 Bd6 5. c4 c6 6. Nc3 dxc4 7. Bxc4 Nf6 8. 0-0 0-0 9. Bg5 Nbd7 10. Re1 h6 11. Bh4 Nb6 12. Bd3 Bg4 13. Bc2 g5 14. Bg3 Bxg3 15. hxg3 Nc4 16. Rb1 Kg7 17. Qd3 Nd6 18. Re5 Qd7 19. Rbe1 Rae8 20. Nd1 Bh5 21. Ne3 Bg6 22. Qb3 Nfe4 23. Rxe8 Rxe8 24. Ne5 Qc7 25. Nf1 c5 26. Nxg6 fxg6 27. Bxe4 Nxe4 28. Qc2 Qc6 29. f3 Nf6 30. Rxe8 Nxe8 31. dxc5 Qe6 32. Qa4 a6 33. Qd4+ Nf6 34. Qb4 Qc6 35. Ne3 Kf7 36. Nc4 Ke7 37. Na5 Qb5 38. Qxb5 axb5 39. Nxb7 Nd5 40. a3 b4 41. axb4 Nxb4 42. Kf1 Kd7 43. Ke2 Kc6 44. Nd8+ Kxc5 45. Nf7 h5 46. Nxg5 Nd5 47. Ne6+ Kc4 48. Nf4 Ne7 49. Kd2 Kb3 50. Kd3 Nf5 51. Nxg6 Nxg3 52. f4 Nf5 53. Ke4 Ng3+ 54. Ke5 Kxb2 55. f5 Nxf5 56. Kxf5 Kc2 57. Nf4 h4 1-0

[Event "TUR-ch (Women)"]
[Site "Antalya"]
[Date "2019.03.06"]
[Round "5"]
[White "Kucuk, Aybike"]
[Black "Celik, Eylul"]
[Result "0-1"]
[WhiteElo "1230"]
[BlackElo "1963"]
[PlyCount "134"]
[EventDate "2019.03.03"]
[EventType "swiss"]
[EventRounds "9"]
[EventCountry "TUR"]
[SourceTitle "CBM 189 Extra"]
[Source "ChessBase"]
[SourceDate "2019.06.03"]
[SourceVersion "1"]
[SourceVersionDate "2019.06.03"]
[SourceQuality "1"]

1. e4 c5 2. Nf3 e6 3. c3 Nf6 4. e5 Nd5 5. d4 cxd4 6. cxd4 b6 7. Nc3 Bb7 8. Bc4 Nxc3 9. bxc3 Qc7 10. Qd3 Be7 11. 0-0 h6 12. Bf4 g5 13. Bg3 h5 14. h4 g4 15. Nd2 Qd8 16. Ne4 Bxe4 17. Qxe4 Nc6 18. d5 Na5 19. d6 Nxc4 20. dxe7 Qc8 21. Qf4 Qc5 22. Qf6 Rh7 23. Qg5 Nd2 24. Qxd2 Qxe7 25. Qd4 Rc8 26. Rfd1 Rg7 27. Bf4 Rc7 28. Bg5 Qc5 29. Qxc5 Rxc5 30. Bf6 Rg6 31. Rd3 g3 32. fxg3 Rg4 33. Rad1 Rc7 34. Kf2 Rgc4 35. Rc1 b5 36. Bg5 b4 37. Bd2 a5 38. Rd4 R4c5 39. Rd3 Rxe5 40. cxb4 Rxc1 41. Bxc1 axb4 42. Rd4 Rc5 43. Bg5 Ra5 44. Rd2 f6 45. Be3 d5 46. Rb2 e5 47. Bd2 d4 48. Bxb4 Ra4 49. Kf3 f5 50. a3 Kd7 51. Re2 e4+ 52. Kf4 d3 53. Re3 Rxb4 54. Re1 Rb5 55. Ra1 Ke6 56. Ke3 Ke5 57. Ra2 Kd5 58. a4 Ra5 59. Rf2 Kc4 60. Kd2 Kd4 61. Kc1 Kc3 62. Ra2 e3 63. Ra3+ Kd4 64. Kd1 Rc5 65. Ra1 e2+ 66. Kd2 Rc2+ 67. Ke1 Ke3 0-1

[Event "World ol U16"]
[Site "Konya"]
[Date "2018.12.01"]
[Round "8.16"]
[White "Quiroga Jaquez, Angel Ivan"]
[Black "Celik, Eylul"]
[Result "1-0"]
[WhiteElo "2014"]
[BlackElo "1950"]
[PlyCount "57"]
[EventDate "2018.11.25"]
[EventType "team-swiss"]
[EventRounds "9"]
[EventCountry "TUR"]
[SourceTitle "CBM 187 Extra"]
[Source "ChessBase"]
[SourceDate "2018.11.04"]
[SourceVersion "1"]
[SourceVersionDate "2018.11.04"]
[SourceQuality "1"]
[WhiteTeam "Mexico"]
[BlackTeam "Turkey Girls"]
[WhiteTeamCountry "MEX"]
[BlackTeamCountry "TUR"]

1. d4 d5 2. c4 c6 3. Nf3 e6 4. Nc3 dxc4 5. a4 Bb4 6. e3 b5 7. Bd2 a5 8. axb5 Bxc3 9. Bxc3 cxb5 10. b3 Bb7 11. bxc4 b4 12. Bb2 Nf6 13. Bd3 0-0 14. 0-0 Nbd7 15. Bc2 Qc7 16. Nd2 e5 17. d5 Nb6 18. Rc1 a4 19. f4 Nfd7 20. fxe5 Nxe5 21. Bxh7+ Kxh7 22. Qh5+ Kg8 23. Bxe5 Qe7 24. Bxg7 Kxg7 25. Qg4+ Kh7 26. Rf3 Qd6 27. Rh3+ Qh6 28. Qf5+ Kg7 29. Rxh6 1-0

[Event "World ol U16"]
[Site "Konya"]
[Date "2018.11.28"]
[Round "5.15"]
[White "Celik, Eylul"]
[Black "Baenziger, Fabian"]
[Result "0-1"]
[WhiteElo "1950"]
[BlackElo "2355"]
[PlyCount "80"]
[EventDate "2018.11.25"]
[EventType "team-swiss"]
[EventRounds "9"]
[EventCountry "TUR"]
[SourceTitle "CBM 187 Extra"]
[Source "ChessBase"]
[SourceDate "2018.11.04"]
[SourceVersion "1"]
[SourceVersionDate "2018.11.04"]
[SourceQuality "1"]
[WhiteTeam "Turkey Girls"]
[BlackTeam "Switzerland"]
[WhiteTeamCountry "TUR"]
[BlackTeamCountry "SUI"]

1. d4 Nf6 2. c4 e6 3. Bg5 h6 4. Bxf6 Qxf6 5. e3 g6 6. Nf3 Bg7 7. Nc3 0-0 8. Be2 d6 9. 0-0 Nd7 10. e4 e5 11. d5 a5 12. a3 Qe7 13. Nd2 f5 14. b4 Nf6 15. Qb3 f4 16. c5 g5 17. cxd6 cxd6 18. Nc4 g4 19. Nb6 Rb8 20. Nxc8 Rbxc8 21. f3 Qc7 22. Na4 h5 23. Qb2 h4 24. Rac1 Qf7 25. Rxc8 Rxc8 26. Rc1 Rf8 27. Qc2 Qg6 28. Nc3 h3 29. fxg4 Nxg4 30. Bxg4 Qxg4 31. Qf2 axb4 32. axb4 Bh6 33. Rc2 Ra8 34. Qf3 Qxf3 35. gxf3 Ra1+ 36. Kf2 Rh1 37. Ne2 Bg5 38. Rc8+ Kg7 39. Ng1 Bh4+ 40. Kf1 Bg3 0-1

[Event "World ol U16"]
[Site "Konya"]
[Date "2018.11.27"]
[Round "4.15"]
[White "Kerimkulov, Omurbek"]
[Black "Celik, Eylul"]
[Result "0-1"]
[WhiteElo "1557"]
[BlackElo "1950"]
[PlyCount "71"]
[EventDate "2018.11.25"]
[EventType "team-swiss"]
[EventRounds "9"]
[EventCountry "TUR"]
[SourceTitle "CBM 187 Extra"]
[Source "ChessBase"]
[SourceDate "2018.11.04"]
[SourceVersion "1"]
[SourceVersionDate "2018.11.04"]
[SourceQuality "1"]
[WhiteTeam "Kyrgyzstan"]
[BlackTeam "Turkey Girls"]
[WhiteTeamCountry "KGZ"]
[BlackTeamCountry "TUR"]

1. e4 c5 2. Nf3 e6 3. b3 d6 4. Bb2 Nd7 5. d4 cxd4 6. Nxd4 Ngf6 7. Bd3 Be7 8. 0-0 0-0 9. Re1 Qc7 10. c4 b6 11. Nc3 a6 12. Bf1 Bb7 13. g3 Nc5 14. Bg2 Rad8 15. Rc1 Qb8 16. a4 Qa8 17. Qc2 Rc8 18. a5 bxa5 19. Ra1 Bd8 20. Ba3 Nfd7 21. Qd1 Bf6 22. Rb1 Ne5 23. Re3 Ng4 24. Re2 Qa7 25. Rd2 Ne5 26. Nde2 Be7 27. Nf4 Rfd8 28. Bb2 Qa8 29. Qe2 Nxb3 30. Rdd1 Rxc4 31. Na2 Rdc8 32. Bxe5 dxe5 33. Rxb3 exf4 34. Rd7 Bxe4 35. Rbb7 Bxg2 36. Rxe7 0-1

[Event "World ol U16"]
[Site "Konya"]
[Date "2018.11.25"]
[Round "1.13"]
[White "Celik, Eylul"]
[Black "Badelka, Olga"]
[Result "0-1"]
[WhiteElo "1950"]
[BlackElo "2390"]
[PlyCount "160"]
[EventDate "2018.11.25"]
[EventType "team-swiss"]
[EventRounds "9"]
[EventCountry "TUR"]
[SourceTitle "CBM 187 Extra"]
[Source "ChessBase"]
[SourceDate "2018.11.04"]
[SourceVersion "1"]
[SourceVersionDate "2018.11.04"]
[SourceQuality "1"]
[WhiteTeam "Turkey Girls"]
[BlackTeam "Belarus"]
[WhiteTeamCountry "TUR"]
[BlackTeamCountry "BLR"]

1. d4 Nf6 2. c4 e6 3. Bg5 c5 4. d5 exd5 5. cxd5 d6 6. e4 Be7 7. Bf4 a6 8. Nc3 b5 9. Qc2 0-0 10. Be2 Re8 11. Nf3 Bf8 12. Bg5 Nbd7 13. 0-0 h6 14. Bxf6 Nxf6 15. Nd2 b4 16. Nd1 Nxd5 17. exd5 Rxe2 18. Ne3 a5 19. Rfe1 Rxe1+ 20. Rxe1 a4 21. Nec4 g6 22. Qe4 Bf5 23. Qf4 Qg5 24. Qf3 Rb8 25. h3 Bg7 26. Ne4 Bxe4 27. Qxe4 Bd4 28. Qf3 Qf6 29. Qxf6 Bxf6 30. Re2 Kf8 31. Kf1 Rd8 32. Nb6 b3 33. a3 c4 34. Nxa4 Bd4 35. Re4 Ra8 36. Rxd4 Rxa4 37. Rd1 c3 38. bxc3 Rxa3 39. Rb1 Ke7 40. Ke2 Kf6 41. f4 Kf5 42. Ke3 h5 43. Rb2 h4 44. Kf3 Ra4 45. Rxb3 Rxf4+ 46. Ke3 Re4+ 47. Kf3 Rc4 48. Ke3 Ke5 49. Kd3 Kxd5 50. Rb5+ Rc5 51. Rb4 g5 52. Rg4 Ke6 53. c4 Ra5 54. Kd4 Rf5 55. Re4+ Re5 56. Rg4 f6 57. Kd3 Ra5 58. Re4+ Kf5 59. Rg4 Ra1 60. Kd4 Rd1+ 61. Ke3 Re1+ 62. Kd4 Kg6 63. Kd5 Rd1+ 64. Rd4 Rxd4+ 65. Kxd4 Kf7 66. Kd5 Ke7 67. c5 dxc5 68. Kxc5 Ke6 69. Kd4 f5 70. Kd3 Kd5 71. Ke3 Ke5 72. Kf3 Kd4 73. Kf2 Ke4 74. Ke2 f4 75. Kf2 f3 76. gxf3+ Kf4 77. Kg2 Ke3 78. Kh1 Kxf3 79. Kh2 Kf2 80. Kh1 Kg3 0-1

[Event "Wch U20 Girls 36th"]
[Site "Manavgat"]
[Date "2018.09.05"]
[Round "1"]
[White "Celik, Eylul"]
[Black "Zhu, Jiner"]
[Result "0-1"]
[WhiteElo "2014"]
[BlackElo "2364"]
[PlyCount "54"]
[EventDate "2018.09.05"]
[EventType "swiss"]
[EventRounds "11"]
[EventCountry "TUR"]
[SourceTitle "CBM 186 Extra"]
[Source "ChessBase"]
[SourceDate "2018.08.24"]
[SourceVersion "1"]
[SourceVersionDate "2018.08.24"]
[SourceQuality "1"]

1. d4 Nf6 2. c4 g6 3. Nc3 Bg7 4. e4 d6 5. f3 0-0 6. Be3 Nc6 7. Nge2 a6 8. Qd2 Rb8 9. Nc1 e5 10. d5 Nd4 11. Nb3 Nxb3 12. axb3 c5 13. Bd3 Nh5 14. 0-0 f5 15. Bg5 Qe8 16. b4 b6 17. b5 a5 18. exf5 gxf5 19. Bh6 Rb7 20. Na4 Bxh6 21. Qxh6 Nf4 22. Rad1 Rg7 23. Rd2 Qd8 24. Nxb6 Rg6 25. Qxg6+ hxg6 26. Na4 Qg5 27. Nc3 Nh3+ 0-1

[Event "TUR-chT 1st League"]
[Site "Konya"]
[Date "2018.07.21"]
[Round "8.1"]
[White "Celik, Eylul"]
[Black "Saglamer, Aysen"]
[Result "0-1"]
[WhiteElo "1711"]
[BlackElo "1541"]
[PlyCount "82"]
[EventDate "2018.07.16"]
[EventType "team-swiss"]
[EventRounds "9"]
[EventCountry "TUR"]
[SourceTitle "EXT 2019"]
[Source "ChessBase"]
[SourceDate "2018.10.10"]
[SourceVersion "1"]
[SourceVersionDate "2018.10.10"]
[SourceQuality "1"]
[WhiteTeam "Ordu Buyuksehir Belediye"]
[BlackTeam "Denizli Metin Surmeli"]
[WhiteTeamCountry "TUR"]
[BlackTeamCountry "TUR"]

1. d4 d5 2. c4 e6 3. cxd5 exd5 4. Nc3 Be7 5. Qc2 Nf6 6. Bg5 c6 7. e3 h6 8. Bh4 Be6 9. Bd3 Nbd7 10. h3 0-0 11. Nge2 Nb6 12. 0-0 Re8 13. f4 Bd7 14. Bf2 Bd6 15. Ng3 a5 16. Nf5 Bxf5 17. Bxf5 Nc4 18. Rae1 b5 19. b3 Nb6 20. Bh4 Be7 21. Nb1 Bb4 22. Re2 Qd6 23. Rc1 Nbd7 24. Bxf6 gxf6 25. a3 Bxa3 26. Nxa3 Qxa3 27. Bxd7 Red8 28. Qxc6 Qxb3 29. Bf5 Kg7 30. Kf2 b4 31. h4 a4 32. Rh1 Qc4 33. Rc2 Qxc6 34. Rxc6 Rdb8 35. Rh3 a3 36. Rg3+ Kf8 37. Rc7 Rc8 38. Bxc8 a2 39. Bf5 a1Q 40. Bh7 Ra2+ 41. Bc2 b3 0-1

[Event "TUR-chT 1st League"]
[Site "Konya"]
[Date "2018.07.17"]
[Round "2.2"]
[White "Celik, Eylul"]
[Black "Hereklioglu, Sude"]
[Result "1-0"]
[WhiteElo "1711"]
[BlackElo "2066"]
[PlyCount "85"]
[EventDate "2018.07.16"]
[EventType "team-swiss"]
[EventRounds "9"]
[EventCountry "TUR"]
[SourceTitle "EXT 2019"]
[Source "ChessBase"]
[SourceDate "2018.10.10"]
[SourceVersion "1"]
[SourceVersionDate "2018.10.10"]
[SourceQuality "1"]
[WhiteTeam "Ordu Buyuksehir Belediye"]
[BlackTeam "Istanbul Teknik Uni"]
[WhiteTeamCountry "TUR"]
[BlackTeamCountry "TUR"]

1. d4 Nf6 2. c4 e6 3. Bg5 c5 4. d5 exd5 5. cxd5 d6 6. e4 Be7 7. Bf4 0-0 8. Nc3 Re8 9. Be2 Nbd7 10. Nf3 Bf8 11. Qc2 a6 12. a4 b6 13. 0-0 Rb8 14. h3 Nh5 15. Bh2 g6 16. Nd2 Ng7 17. Nc4 Qc7 18. Rfe1 f6 19. Bd3 Ne5 20. Bxe5 fxe5 21. Ne3 Nh5 22. Be2 Nf4 23. Bg4 Bg7 24. Kh2 Bxg4 25. hxg4 c4 26. Red1 b5 27. Ne2 Rec8 28. axb5 Nxe2 29. Qxe2 axb5 30. Ra6 b4 31. Rc6 Qd7 32. Rxc4 Rxc4 33. Qxc4 Bh6 34. Re1 Qa7 35. Qc6 Bxe3 36. Rxe3 Qc5 37. Qd7 Rf8 38. Rh3 h5 39. Qe6+ Kg7 40. gxh5 g5 41. Qg6+ Kh8 42. Qh6+ Kg8 43. Qxg5+ 1-0